歴代Mリーガー - Statistics

General Stats
  • This quiz has been taken 125 times
  • The average score is 32 of 46
Answer Stats
チーム 期間 選手名 % Correct
赤坂ドリブンズ 2018- 鈴木たろう
89%
渋谷ABEMAS 2018- 多井隆晴
88%
KADOKAWAサクラナイツ 2019- 岡田紗佳
85%
赤坂ドリブンズ 2018- 園田賢
81%
渋谷ABEMAS 2018- 白鳥翔
81%
KONAMI麻雀格闘倶楽部 2018- 佐々木寿人
80%
KADOKAWAサクラナイツ 2019- 内川幸太郎
80%
EX風林火山 2021- 二階堂瑠美
80%
EX風林火山 2018- 二階堂亜樹
79%
KADOKAWAサクラナイツ 2020- 堀慎吾
78%
KADOKAWAサクラナイツ 2022- 渋川難波
78%
TEAM RAIDEN/雷電 2018- 黒沢咲
76%
渋谷ABEMAS 2019- 日向藍子
76%
U-NEXT Pirates 2018- 小林剛
75%
渋谷ABEMAS 2018- 松本吉弘
74%
KADOKAWAサクラナイツ 2019-22 沢崎誠
74%
EX風林火山 2018-21 滝沢和典
72%
U-NEXT Pirates 2019- 瑞原明奈
72%
KONAMI麻雀格闘倶楽部 2021- 滝沢和典
72%
赤坂ドリブンズ 2018-23 村上淳
71%
KONAMI麻雀格闘倶楽部 2018- 高宮まり
71%
TEAM RAIDEN/雷電 2018- 萩原聖人
71%
セガサミーフェニックス 2023- 醍醐大
71%
KONAMI麻雀格闘倶楽部 2021- 伊達朱里紗
70%
BEAST Japanext 2023- 中田花奈
70%
セガサミーフェニックス 2018-23 近藤誠一
69%
U-NEXT Pirates 2022- 仲林圭
69%
U-NEXT Pirates 2022- 鈴木優
67%
BEAST Japanext 2023- 鈴木大介
67%
セガサミーフェニックス 2018- 魚谷侑未
66%
EX風林火山 2021- 松ヶ瀬隆弥
66%
赤坂ドリブンズ 2023- 渡辺太
66%
U-NEXT Pirates 2018-22 朝倉康心
65%
TEAM RAIDEN/雷電 2018- 瀬戸熊直樹
64%
赤坂ドリブンズ 2019-23 丸山奏子
64%
セガサミーフェニックス 2021- 東城りお
63%
セガサミーフェニックス 2018- 茅森早香
62%
BEAST Japanext 2023- 猿川真寿
62%
EX風林火山 2018- 勝又健志
61%
KONAMI麻雀格闘倶楽部 2018-21 前原雄大
60%
TEAM RAIDEN/雷電 2021- 本田朋広
60%
赤坂ドリブンズ 2023- 浅見真紀
58%
セガサミーフェニックス 2019-21 和久津晶
55%
KONAMI麻雀格闘倶楽部 2019-21 藤崎智
52%
U-NEXT Pirates 2018-22 石橋伸洋
51%
BEAST Japanext 2023- 菅原千瑛
48%
No matching quizzes found
Score Distribution
Percent of People with Each Score
Percentile by Number Answered
Your Score History
You have not taken this quiz